| 000 | 00831nam a2200325 a 4500 | ||
|---|---|---|---|
| 003 | AR-BaBNM | ||
| 005 | 20251128203316.0 | ||
| 008 | 082120s2002 ||||||||||||||000 | spa|| | ||
| 020 | _a84-7100-301-5 | ||
| 040 | _cAR-BaBNM | ||
| 100 | 1 | _aSamsó, Julio | |
| 245 | 0 | 0 | _aLas ciencias de los antigüos en Al-Andalus |
| 250 | _a1ª ed. | ||
| 260 |
_aMadrid _bMapfre _c1992 |
||
| 300 |
_a501 p. _bil., láms.,mapas |
||
| 490 | 0 |
_aAl-Andalus _vv. 7 |
|
| 650 | 4 | _aMUSULMANES | |
| 650 | 4 | _aARABES | |
| 650 | 4 | _aCIENCIAS POLITICAS | |
| 650 | 4 | _aSOCIEDAD | |
| 650 | 4 | _aECONOMIA | |
| 650 | 4 | _aCULTURA ARABE | |
| 650 | 4 | _aHISTORIA DE LAS CIENCIAS | |
| 650 | 4 | _aHISTORIA CULTURAL | |
| 650 | 4 | _aHISTORIA DE LAS IDEAS | |
| 651 | 4 | _aEspaña | |
| 800 | 1 |
_aGallego, José Andrés _edirector |
|
| 942 | _cBK | ||
| 998 | _cmariana | ||
| 999 |
_c2827 _d2827 |
||